[Event "EU-ch (Women) 24th"]
[Site "Rhodes"]
[Date "2024.04.19"]
[Round "1"]
[White "Saraci, Ndriqona"]
[Black "Wikar, Martyna"]
[Result "0-1"]
[WhiteElo "1660"]
[BlackElo "2214"]
[PlyCount "86"]
[EventDate "2024.04.19"]
[EventType "swiss"]
[EventRounds "10"]
[EventCountry "GRE"]
[SourceTitle "CB18_2024"]
[SourceDate "2024.05.01"]
[SourceVersion "1"]
[SourceVersionDate "2024.05.01"]
[SourceQuality "2"]

1. e4 c5 2. Nf3 d6 3. d4 cxd4 4. Nxd4 Nf6 5. Nc3 a6 6. a4 e5 7. Nb3 Be6 8. Bg5 Nbd7 9. Nd2 Rc8 10. Be2 Be7 11. 0-0 Qb6 12. Nb3 0-0 13. Be3 Nc5 14. Nd5 Bxd5 15. exd5 Nfd7 16. Nxc5 Nxc5 17. Rb1 Qc7 18. Bxc5 dxc5 19. Qd2 Bd6 20. Bg4 f5 21. Bh3 c4 22. b3 c3 23. Qg5 Be7 24. Qh5 g6 25. Qe2 Bc5 26. Rbd1 Bd4 27. Kh1 Qc5 28. Rxd4 exd4 29. Qe6+ Kg7 30. Qe5+ Kh6 31. g3 Rce8 32. Qf4+ g5 33. Qc1 Qxd5+ 34. Bg2 Qd7 35. h4 Qe7 36. Qxg5+ Qxg5 37. hxg5+ Kxg5 38. Bxb7 Re2 39. Bxa6 Rxc2 40. Bc4 Rd8 41. Kg2 d3 42. Rd1 d2 43. f4+ Kf6 0-1

[Event "Skopje op-B"]
[Site "Skopje"]
[Date "2023.12.08"]
[Round "3"]
[White "Shtavica, Alaudin"]
[Black "Saraci, Ndriqona"]
[Result "0-1"]
[WhiteElo "1710"]
[BlackElo "1401"]
[PlyCount "88"]
[EventDate "2023.12.06"]
[EventType "swiss"]
[EventRounds "9"]
[EventCountry "MKD"]
[SourceTitle "CB51_2023"]
[SourceDate "2023.12.20"]
[SourceVersion "1"]
[SourceVersionDate "2023.12.20"]
[SourceQuality "1"]

1. b3 e5 2. Bb2 Nc6 3. e3 d5 4. Bb5 Bd6 5. f4 Qe7 6. Nf3 Bg4 7. fxe5 Bc5 8. h3 Be6 9. a4 a6 10. Bxc6+ bxc6 11. 0-0 Nh6 12. Qe1 Kd7 13. d4 Bb6 14. a5 Ba7 15. Qc3 Nf5 16. Ba3 Qd8 17. Kh2 h5 18. Qd3 g5 19. Ng1 Nh4 20. Nd2 g4 21. Rf6 Qg8 22. g3 gxh3 23. Nxh3 Qg4 24. Rxe6 fxe6 25. gxh4 Qxh4 26. Rg1 Qd8 27. Rg7+ Kc8 28. Qxa6+ Kb8 29. Bd6 Bxd4 30. Bxc7+ Qxc7 31. Qxa8+ Kxa8 32. Rxc7 Bxe5+ 33. Kg2 Bxc7 34. b4 Rg8+ 35. Kf2 h4 36. Nf3 Rg3 37. Nf4 Bxf4 38. exf4 Rg4 39. Ne5 Rxf4+ 40. Kg2 Rxb4 41. Nxc6 Rc4 42. Nd8 Rxc2+ 43. Kh3 d4 44. Nxe6 d3 0-1

[Event "Olympiad Women-44"]
[Site "Chennai"]
[Date "2022.08.06"]
[Round "8.1"]
[White "Nihaya, Ahmed"]
[Black "Saraci, Ndriqona"]
[Result "1-0"]
[WhiteElo "1233"]
[BlackElo "1425"]
[PlyCount "91"]
[EventDate "2022.07.29"]
[EventType "team-swiss"]
[EventRounds "11"]
[EventCountry "IND"]
[SourceTitle "CBM 210"]
[Source "ChessBase"]
[SourceDate "2022.10.31"]
[SourceVersion "1"]
[SourceVersionDate "2022.10.31"]
[SourceQuality "1"]
[WhiteTeam "Maldives (W)"]
[BlackTeam "Kosovo (W)"]
[WhiteTeamCountry "MDV"]
[BlackTeamCountry "KOS"]

1. e4 d5 2. exd5 Qxd5 3. Nc3 Qa5 4. Nf3 Nf6 5. Bc4 Bg4 6. 0-0 e6 7. d4 c6 8. a3 Be7 9. b4 Qd8 10. Be3 Nd5 11. Nxd5 cxd5 12. Be2 Nd7 13. h3 Bf5 14. c4 dxc4 15. Bxc4 Rc8 16. Rc1 0-0 17. d5 Nb6 18. Bxb6 Qxb6 19. Re1 Rfd8 20. Qb3 Rxc4 21. Qxc4 exd5 22. Qf4 Be6 23. Nd4 Rf8 24. Qc7 Qxd4 25. Qxe7 Qb2 26. Rc7 Qf6 27. Qxf6 gxf6 28. Rxb7 Ra8 29. Rc1 a6 30. Rcc7 d4 31. Kf1 d3 32. Ke1 Rd8 33. Kd2 Bd5 34. Ra7 Bxg2 35. Rxf7 Be4 36. Rxf6 Rc8 37. Rd6 Rc2+ 38. Ke3 Re2+ 39. Kf4 Bg6 40. Rd8+ Re8 41. Rxe8+ Bxe8 42. Rxa6 Kf7 43. Rd6 Bb5 44. Ke3 Kg7 45. Rxd3 Bxd3 46. Kxd3 1-0

[Event "Pristina Nderkombetar op"]
[Site "Pristina"]
[Date "2022.06.22"]
[Round "8"]
[White "Saraci, Ndriqona"]
[Black "Topalli, Ismet"]
[Result "0-1"]
[WhiteElo "1374"]
[BlackElo "1888"]
[PlyCount "92"]
[EventDate "2022.06.17"]
[EventType "swiss"]
[EventRounds "9"]
[EventCountry "KOS"]
[SourceTitle "CBM 209 Extra"]
[Source "ChessBase"]
[SourceDate "2022.09.30"]
[SourceVersion "1"]
[SourceVersionDate "2022.09.30"]
[SourceQuality "1"]

1. e4 e5 2. Nf3 d6 3. Bc4 Be7 4. 0-0 Nf6 5. d3 0-0 6. c3 Bg4 7. h3 Bh5 8. Bb3 c5 9. a4 Nc6 10. Nbd2 a6 11. Re1 b5 12. Nf1 b4 13. Ng3 Bg6 14. Nh4 Kh8 15. Nxg6+ fxg6 16. Rf1 Rb8 17. Bc2 a5 18. f4 c4 19. dxc4 b3 20. Bd3 Nd7 21. fxe5 Qb6+ 22. Kh1 Ncxe5 23. Bf4 Rfc8 24. Ne2 Nxc4 25. Bxc4 Rxc4 26. Nd4 Nc5 27. Ra3 Rxa4 28. Rxa4 Nxa4 29. Qxb3 Qxb3 30. Nxb3 Rxb3 31. Bg5 Bf6 32. Bxf6 gxf6 33. Rxf6 Rxb2 34. Rxd6 Nxc3 35. Ra6 a4 36. e5 Re2 37. e6 Kg7 38. Ra7+ Kf6 39. Rxh7 a3 40. Ra7 a2 41. Kh2 Rxe6 42. Ra3 Re1 43. Rxc3 a1Q 44. Rf3+ Kg7 45. h4 Rh1+ 46. Kg3 Qe1+ 0-1

[Event "Online Olym Div3 C"]
[Site "Chess.com INT"]
[Date "2021.08.28"]
[Round "4.1"]
[White "Saraci, Ndriqona"]
[Black "Smith, Olivia"]
[Result "1-0"]
[WhiteElo "1374"]
[BlackElo "2012"]
[PlyCount "133"]
[EventDate "2021.08.27"]
[EventType "team-tourn (rapid)"]
[EventRounds "9"]
[EventCountry "USA"]
[SourceTitle "CBM 204 Extra"]
[Source "ChessBase"]
[SourceDate "2021.11.30"]
[SourceVersion "1"]
[SourceVersionDate "2021.11.30"]
[SourceQuality "1"]
[WhiteTeam "Kosovo"]
[BlackTeam "Wales"]
[WhiteTeamCountry "KOS"]
[BlackTeamCountry "WLS"]

1. e4 e5 2. Nf3 Nf6 3. Nxe5 Qe7 4. d4 Nc6 5. Nc3 Nxe5 6. dxe5 Qxe5 7. Qd3 Bb4 8. Bd2 0-0 9. 0-0-0 Bxc3 10. Bxc3 Qxe4 11. Qxe4 Nxe4 12. Bd4 d6 13. Bc4 Be6 14. Bd3 Nc5 15. Be2 a5 16. Bf3 c6 17. a3 a4 18. Bxc5 dxc5 19. Rhe1 Rfd8 20. Rxd8+ Rxd8 21. Re5 Bd5 22. Bxd5 cxd5 23. Re7 Rb8 24. Rc7 b6 25. Ra7 Kf8 26. Rxa4 Ke7 27. Ra7+ Kf6 28. Kd2 Re8 29. Rd7 d4 30. Rd6+ Re6 31. Rd5 g6 32. b4 Rc6 33. bxc5 bxc5 34. Kd3 Ke6 35. Kc4 Ra6 36. Rxc5 Rxa3 37. Kxd4 h5 38. Re5+ Kd6 39. Re2 Ra4+ 40. c4 Ra1 41. h4 Rd1+ 42. Kc3 Rb1 43. Rb2 Rf1 44. Rd2+ Kc6 45. g3 Re1 46. Ra2 Re7 47. Ra6+ Kc5 48. Ra5+ Kc6 49. Kd4 Re2 50. Ra6+ Kd7 51. Rf6 Ke7 52. Rf3 Rc2 53. Kd5 f5 54. Re3+ Kd7 55. f4 Rc1 56. Ra3 Rg1 57. c5 Rd1+ 58. Ke5 Rc1 59. Kf6 Rxc5 60. Kxg6 Ke6 61. Re3+ Kd7 62. Kxh5 Ra5 63. Re5 Rxe5 64. fxe5 Ke6 65. Kg5 Kxe5 66. h5 f4 67. gxf4+ 1-0

[Event "Online Olym Div3 C"]
[Site "Chess.com INT"]
[Date "2020.08.07"]
[Round "3.5"]
[White "Saraci, Ndriqona"]
[Black "Nihad, Sabah Noori"]
[Result "1/2-1/2"]
[WhiteElo "1374"]
[BlackElo "1324"]
[PlyCount "119"]
[EventDate "2020.08.07"]
[EventType "team-tourn (rapid)"]
[EventRounds "9"]
[EventCountry "USA"]
[SourceTitle "CBM 198"]
[Source "ChessBase"]
[SourceDate "2020.10.31"]
[SourceVersion "1"]
[SourceVersionDate "2020.10.31"]
[SourceQuality "1"]
[WhiteTeam "Kosovo"]
[BlackTeam "Iraq"]
[WhiteTeamCountry "KOS"]
[BlackTeamCountry "IRQ"]

1. e4 e5 2. Nf3 Nc6 3. d4 exd4 4. Nxd4 Bc5 5. Be3 Qf6 6. c3 Nge7 7. Be2 0-0 8. 0-0 d5 9. Nxc6 Qxc6 10. Bxc5 Qxc5 11. exd5 Qxd5 12. Qxd5 Nxd5 13. Bf3 Be6 14. Nd2 Rad8 15. Ne4 c6 16. Ng3 Rfe8 17. Rfd1 Rd7 18. c4 Nf6 19. Rxd7 Nxd7 20. b3 Ne5 21. Be2 Rd8 22. Rd1 Rxd1+ 23. Bxd1 Kf8 24. Bc2 h6 25. Kf1 Ke7 26. Ke2 Nd7 27. f3 Nc5 28. Ne4 Nxe4 29. Bxe4 Kd6 30. Ke3 Kc5 31. f4 Kb4 32. f5 Bd7 33. Kd4 Ka3 34. Kc5 Kxa2 35. Kd6 Bxf5 36. Bxf5 Kxb3 37. c5 a5 38. Bc8 a4 39. Ke7 Kb4 40. Kxf7 Kxc5 41. Be6 b5 42. Kxg7 b4 43. Kxh6 b3 44. g4 Kb4 45. g5 a3 46. g6 a2 47. g7 a1Q 48. g8Q Qc1+ 49. Kh7 Qc2+ 50. Qg6 Qxh2+ 51. Kg7 Qc7+ 52. Bf7 Qe5+ 53. Kg8 Qd4 54. Qxc6 Qd8+ 55. Kg7 Qg5+ 56. Qg6 Qxg6+ 57. Bxg6 Kc3 58. Kf6 Kb2 59. Bf7 Ka2 60. Bxb3+ 1/2-1/2

[Event "Olympiad Women-43"]
[Site "Batumi"]
[Date "2018.09.24"]
[Round "1.61"]
[White "Saraci, Ndriqona"]
[Black "Parveen, Tanima"]
[Result "0-1"]
[WhiteElo "1263"]
[BlackElo "2022"]
[PlyCount "30"]
[EventDate "2018.09.24"]
[EventType "team-swiss"]
[EventRounds "11"]
[EventCountry "GEO"]
[SourceTitle "EXT 2020"]
[Source "ChessBase"]
[SourceDate "2019.10.17"]
[SourceVersion "1"]
[SourceVersionDate "2019.10.17"]
[SourceQuality "1"]
[WhiteTeam "Kosovo (W)"]
[BlackTeam "Bangladesh (W)"]
[WhiteTeamCountry "KOS"]
[BlackTeamCountry "BAN"]

1. e4 e5 2. Nf3 Nc6 3. d4 exd4 4. Nxd4 Bc5 5. Nf3 d6 6. Bc4 Nf6 7. Bg5 Bxf2+ 8. Kxf2 Nxe4+ 9. Kg1 Nxg5 10. Nbd2 0-0 11. Kf2 Qf6 12. c3 Ne5 13. h3 Ngxf3 14. gxf3 Qh4+ 15. Ke2 Nxc4 0-1

[Event "EU-ch U18 Girls 27th"]
[Site "Mamaia"]
[Date "2017.09.11"]
[Round "6"]
[White "Bulgurcu, Feyza Nur"]
[Black "Saraci, Ndriqona"]
[Result "1/2-1/2"]
[WhiteElo "1494"]
[BlackElo "1251"]
[PlyCount "75"]
[EventDate "2017.09.05"]
[EventType "swiss"]
[EventRounds "9"]
[EventCountry "ROU"]
[SourceTitle "CBM 180 Extra"]
[Source "ChessBase"]
[SourceDate "2017.10.06"]
[SourceVersion "1"]
[SourceVersionDate "2017.10.06"]
[SourceQuality "1"]

1. e4 d5 2. exd5 Qxd5 3. Nc3 Qd8 4. d4 Nf6 5. Nf3 Bg4 6. Be3 c6 7. Bc4 e6 8. 0-0 Bd6 9. h3 Bxf3 10. Qxf3 0-0 11. Rfe1 Qc7 12. Bg5 Nbd7 13. Ne4 Be7 14. Bxf6 Nxf6 15. Nxf6+ Bxf6 16. c3 Rfe8 17. Re2 Rab8 18. Rae1 Kf8 19. Re4 c5 20. dxc5 Qxc5 21. Bb3 Red8 22. Rc4 Qd5 23. Qxd5 Rxd5 24. Re2 Rbd8 25. Ra4 Rd2 26. Kf1 a6 27. Ke1 R2d6 28. Rb4 b6 29. g3 R8d7 30. f3 Bd8 31. Rf4 Bg5 32. Rfe4 Bd2+ 33. Kf1 Bc1 34. Rg2 Rd2 35. Ree2 Rxe2 36. Rxe2 Rd2 37. Rxd2 Bxd2 38. Bc2 1/2-1/2

[Event "EU-ch U18 Girls 27th"]
[Site "Mamaia"]
[Date "2017.09.09"]
[Round "5"]
[White "Bilic, Sanja"]
[Black "Saraci, Ndriqona"]
[Result "1-0"]
[WhiteElo "1633"]
[BlackElo "1251"]
[PlyCount "61"]
[EventDate "2017.09.05"]
[EventType "swiss"]
[EventRounds "9"]
[EventCountry "ROU"]
[SourceTitle "EXT 2018"]
[Source "ChessBase"]
[SourceDate "2017.10.13"]
[SourceVersion "1"]
[SourceVersionDate "2017.10.13"]
[SourceQuality "1"]

1. e4 d5 2. exd5 Qxd5 3. Nc3 Qd8 4. d4 Nf6 5. Nf3 Bg4 6. Be2 c6 7. h3 Bxf3 8. Bxf3 e6 9. Bf4 Bd6 10. Qd2 Bxf4 11. Qxf4 0-0 12. 0-0 Nbd7 13. g4 Nd5 14. Nxd5 exd5 15. Rfe1 Qf6 16. Qxf6 Nxf6 17. Re7 b6 18. g5 Ne8 19. Rae1 Nd6 20. Rd7 Nf5 21. c3 h6 22. gxh6 Nxh6 23. Rc7 Rfc8 24. Ree7 a5 25. Bg4 Nxg4 26. hxg4 Rxc7 27. Rxc7 Kf8 28. Rxc6 Rb8 29. Rd6 Ke7 30. Rxd5 Rd8 31. Rxd8 1-0

[Event "EU-ch U18 Girls 27th"]
[Site "Mamaia"]
[Date "2017.09.05"]
[Round "1"]
[White "Saraci, Ndriqona"]
[Black "Jorge, Rita Maria Osorio"]
[Result "0-1"]
[WhiteElo "1251"]
[BlackElo "1923"]
[PlyCount "60"]
[EventDate "2017.09.05"]
[EventType "swiss"]
[EventRounds "9"]
[EventCountry "ROU"]
[SourceTitle "CBM 180 Extra"]
[Source "ChessBase"]
[SourceDate "2017.10.06"]
[SourceVersion "1"]
[SourceVersionDate "2017.10.06"]
[SourceQuality "1"]

1. e4 c5 2. Nf3 Nc6 3. d4 cxd4 4. Nxd4 g6 5. Nc3 Bg7 6. Be3 Nf6 7. Bc4 Qa5 8. Nb3 Qb4 9. Bd3 Nxe4 10. 0-0 Nxc3 11. bxc3 Qxc3 12. Rb1 0-0 13. Qc1 d5 14. Bh6 Qf6 15. Re1 e5 16. Qg5 Qxg5 17. Bxg5 f6 18. Bd2 b6 19. Bb5 Bd7 20. a3 Rac8 21. c3 Rfd8 22. f3 Bf5 23. Ra1 Bc2 24. Nc1 Na5 25. Ra2 Bb3 26. Rb2 Bc4 27. Ba4 Bf8 28. Rb1 Ba6 29. Ra1 Nc4 30. Be3 Nxe3 0-1